000
00319nam a2200133Ia 4500
005
20251222144902.0
008
251222s9999||||xx |||||||||||||| ||spa||
020
_a
0-14-081619-4
082
_a
425.02/W32
100
_a
Watcyn-Janes, Peter
245
0
_a
Top Class Activities:
264
_b
Penguin Books
942
_c
LIB
999
_c
22024
_d
22024